Preguntados [juego] : premium /
Guardado en:
| Formato: | Objeto Físico |
|---|---|
| Publicado: |
Argentina :
Toyco,
201?]
|
| Materias: | |
| Etiquetas: |
Agregar Etiqueta
Sin Etiquetas, Sea el primero en etiquetar este registro!
|
| LEADER | 00707nrm a22001575g 4500 | ||
|---|---|---|---|
| 001 | CEM.cems019201 | ||
| 008 | 130507b201?##################0###0#####d | ||
| 005 | 20220829205320.0 | ||
| 003 | CEMS | ||
| 245 | 0 | 0 | |a Preguntados [juego] : |b premium / |c Etermax |
| 260 | |a Argentina : |b Toyco, |c 201?] | ||
| 300 | |a 1 juego (1 tablero, 1 ruleta, 6 p.eones, 36 fichas de categorÃías, 24 tarjetas-Ayuditas, 360 tarjetas-p.reguntas) ; en caja 40 x 27 x 7 cm. + manual de instrucciones. | ||
| 500 | |a Para 2 a 6 jugadores a partir de 8 años objetivo: obtener los 6 personajes del juego nuevas preguntas. | ||
| 082 | 0 | 4 | |a J793.73 |
| 653 | |a 1. juegos de preguntas y respuestas | ||
| 859 | |a CEMS |b BIB. CEMS - Ludoteca |h J793.73 |i Et26 |p 435.16 |t Ej.1 | ||
